[Event "I Torneo Internacional Campus de Orense"]
[Site "Ourense"]
[Date "2014.07.13"]
[Round "9"]
[Board "2"]
[White "Starostits, Ilmars"]
[Black "Paunovic, Dragan"]
[Result "0-1"]
[WhiteElo "2475"]
[BlackElo "2478"]
[PlyCount "54"]
[EventDate "2014.07.07"]
[EventRounds "9"]
[EventCountry "ESP"]

1. d4 Nf6 2. c4 g6 3. Nc3 Bg7 4. e4 d6 5. Be2 O-O 6. Nf3 c6 7. O-O e5 8. d5 Na6
9. Ne1 Nc5 10. Qc2 a5 11. Be3 cxd5 12. cxd5 b6 13. f3 Nh5 14. Nd3 f5 15. b3 Nf6
16. Nb2 f4 17. Bf2 g5 18. a3 g4 19. b4 g3 20. hxg3 Nh5 21. bxc5 fxg3 22. Be3
Qh4 23. Rfe1 Bh6 24. Bd1 Ba6 25. Nd3 Bxe3+ 26. Rxe3 Nf4 27. Ne2 Nxe2+ 0-1

[Event "I Torneo Internacional Campus de Orense"]
[Site "Ourense"]
[Date "2014.07.13"]
[Round "9"]
[Board "3"]
[White "Manolache, Marius"]
[Black "Ferreira, Jorge Viterbo"]
[Result "1/2-1/2"]
[WhiteElo "2478"]
[BlackElo "2404"]
[PlyCount "80"]
[EventDate "2014.07.07"]
[EventRounds "9"]
[EventCountry "ESP"]

1. d4 g6 2. e4 Bg7 3. Nc3 d6 4. Be3 a6 5. Qd2 b5 6. a4 b4 7. Nd1 a5 8. f3 Ba6
9. Bxa6 Nxa6 10. Ne2 c5 11. Nf2 Rc8 12. O-O Nf6 13. Rfd1 O-O 14. d5 Nd7 15.
Rab1 Ne5 16. Bh6 Qd7 17. Bxg7 Kxg7 18. f4 Ng4 19. Nxg4 Qxg4 20. h3 Qd7 21. b3
c4 22. Rf1 Qc7 23. Rf2 cxb3 24. cxb3 Qc2 25. Qd4+ Kg8 26. Rb2 Qc5 27. Qd3 Qb6
28. f5 Rc7 29. Rb1 Nc5 30. Qd4 Qa6 31. fxg6 hxg6 32. Nf4 Nd7 33. Rbf1 Qa7 34.
Ne2 Ne5 35. Qxa7 Rxa7 36. Nd4 Rc8 37. Nc6 Nxc6 38. Rc2 Raa8 39. dxc6 Rc7 40.
Kf2 Rac8 1/2-1/2

[Event "I Torneo Internacional Campus de Orense"]
[Site "Ourense"]
[Date "2014.07.13"]
[Round "9"]
[Board "5"]
[White "Strikovic, Aleksa"]
[Black "Padeiro, Jose"]
[Result "1-0"]
[WhiteElo "2542"]
[BlackElo "2349"]
[PlyCount "57"]
[EventDate "2014.07.07"]
[EventRounds "9"]
[EventCountry "ESP"]

1. c4 c6 2. e4 d5 3. exd5 cxd5 4. cxd5 Nf6 5. Qa4+ Nbd7 6. Nc3 g6 7. Qb3 Bg7 8.
Bc4 O-O 9. Nf3 Nb6 10. d3 Bg4 11. Ne5 Qd6 12. f4 Nbd7 13. O-O Nxe5 14. fxe5
Qxe5 15. Bf4 Qd4+ 16. Kh1 Nh5 17. Bg5 Bf6 18. Bh6 Bg7 19. Bxg7 Nxg7 20. Rae1
Bf5 21. Rxe7 Bxd3 22. Bxd3 Qxd3 23. Rd1 Qf5 24. Rxb7 Rae8 25. d6 Qf2 26. Re7
Nf5 27. Ne4 Qh4 28. g3 Nxg3+ 29. Qxg3 1-0

[Event "I Torneo Internacional Campus de Orense"]
[Site "Ourense"]
[Date "2014.07.13"]
[Round "9"]
[Board "6"]
[White "Fernandez Borrego, Pablo"]
[Black "Larino Nieto, David"]
[Result "0-1"]
[WhiteElo "2341"]
[BlackElo "2459"]
[PlyCount "94"]
[EventDate "2014.07.07"]
[EventRounds "9"]
[EventCountry "ESP"]

1. Nf3 Nf6 2. g3 c5 3. c4 d5 4. Bg2 d4 5. b4 cxb4 6. a3 b3 7. Qxb3 Nc6 8. O-O
e5 9. d3 Nd7 10. Nfd2 Be7 11. Qc2 h5 12. Nb3 h4 13. e3 a5 14. a4 Nb4 15. Qe2
Nc5 16. Nxc5 Bxc5 17. e4 hxg3 18. fxg3 Be6 19. Bd2 Qd7 20. Na3 Bg4 21. Bf3 Bh3
22. Rfb1 b6 23. Bxb4 Bxb4 24. Nc2 Bc5 25. Ne1 Be6 26. Rb5 g5 27. Qf2 Qd6 28.
Ng2 Bd7 29. Rf1 Qh6 30. h4 Bxb5 31. cxb5 gxh4 32. Bg4 Qg6 33. gxh4 Ra7 34. Bd1
Rh6 35. h5 Qg5 36. Kh2 f6 37. Nh4 Rah7 38. Rg1 Rxh5 39. Bxh5+ Qxh5 40. Kh3 Be7
41. Rg8+ Kd7 42. Rg4 f5 43. Qxf5+ Qxf5 44. exf5 Rxh4+ 45. Rxh4 Bxh4 46. Kxh4 e4
47. Kg3 e3 0-1

[Event "I Torneo Internacional Campus de Orense"]
[Site "Ourense"]
[Date "2014.07.13"]
[Round "9"]
[Board "7"]
[White "Vassallo Barroche, Mauricio"]
[Black "Portela Peleteiro, Alberto"]
[Result "1-0"]
[WhiteElo "2404"]
[BlackElo "2050"]
[PlyCount "105"]
[EventDate "2014.07.07"]
[EventRounds "9"]
[EventCountry "ESP"]

1. d4 Nf6 2. Nf3 e6 3. e3 c5 4. c4 d5 5. Nc3 Nc6 6. a3 a6 7. cxd5 exd5 8. Be2
Be7 9. O-O O-O 10. dxc5 Bxc5 11. b4 Ba7 12. Bb2 d4 13. exd4 Nxd4 14. Nxd4 Qxd4
15. Qxd4 Bxd4 16. Rad1 Bxc3 17. Bxc3 Ne4 18. Bd4 Be6 19. Rfe1 Rad8 20. f3 Nf6
21. Bc5 Rxd1 22. Rxd1 Rc8 23. Kf2 Nd5 24. Rd2 Nc3 25. Bd3 g6 26. g3 Rd8 27. Be3
Nb5 28. Be4 Rxd2+ 29. Bxd2 Nxa3 30. Bxb7 Bc4 31. Ke3 Nc2+ 32. Ke4 Kf8 33. Bc6
Ke7 34. Ba4 Na3 35. Kd4 Be2 36. Bc6 Kd6 37. Bb7 Kc7 38. Bd5 f6 39. Kc5 Bb5 40.
Bc3 f5 41. Bg8 Be8 42. Bxh7 Bf7 43. h4 Nc2 44. h5 gxh5 45. Bxf5 Ne3 46. Be4 Nf1
47. Be5+ Kd7 48. Bd3 Nd2 49. Be2 Be6 50. Bf4 Nb3+ 51. Kb6 Nd4 52. Bxa6 Nxf3 53.
Bb5+ 1-0

[Event "I Torneo Internacional Campus de Orense"]
[Site "Ourense"]
[Date "2014.07.13"]
[Round "9"]
[Board "8"]
[White "Baltar Iglesias, David"]
[Black "Guerra Bastida, Diego"]
[Result "1/2-1/2"]
[WhiteElo "2222"]
[BlackElo "2378"]
[PlyCount "25"]
[EventDate "2014.07.07"]
[EventRounds "9"]
[EventCountry "ESP"]

1. d4 Nf6 2. c4 g6 3. Nc3 d5 4. cxd5 Nxd5 5. e4 Nxc3 6. bxc3 Bg7 7. Be3 c5 8.
Rc1 O-O 9. Nf3 Bg4 10. d5 Bxf3 11. gxf3 Qa5 12. Qd2 Nd7 13. c4 1/2-1/2